LIBRARY & INFORMATION CENTRE, KCAET, TAVANUR

ONLINE PUBLIC ACCESS CATALOGUE (OPAC)

Mechanical drawing / (Record no. 1933)

MARC details
000 -LEADER
fixed length control field 00535cam a2200217ua 4500
041 ## - LANGUAGE CODE
Language code of text/sound track or separate title eng
082 ## - DEWEY DECIMAL CLASSIFICATION NUMBER
Classification number 621.8152
Item number SER/ME
100 ## - MAIN ENTRY--AUTHOR NAME
Personal name Serebryakov, A .
245 ## - TITLE STATEMENT
Title Mechanical drawing /
250 ## - EDITION STATEMENT
Edition statement 1 /
260 ## - PUBLICATION, DISTRIBUTION, ETC. (IMPRINT)
Place of publication Moscow :
Name of publisher Foreign Language Publishing House ,
Year of publication 1985.
300 ## - PHYSICAL DESCRIPTION
Number of Pages 100 ; .
700 1# - ADDED ENTRY--PERSONAL NAME
Personal name Pleshkin, M .
700 1# - ADDED ENTRY--PERSONAL NAME
Personal name Yankovsky, K .
942 ## - ADDED ENTRY ELEMENTS (KOHA)
Koha item type Books
Holdings
Withdrawn status Lost status Damaged status Home library Current library Date acquired Full call number Accession Number Koha item type
      KAUAET KAUAET 07/04/2012 621.8152 1861 Books
      KAUAET KAUAET 07/04/2012 621.8152 3687 Books
free website counter